| 000 | 01529nam a2200421Ii 4500 | ||
|---|---|---|---|
| 001 | DIGHERDER0309 | ||
| 003 | NyNyDIG | ||
| 007 | cr ||||||||||| | ||
| 008 | 220504s2017 sp ob 000 0 spa d | ||
| 006 | m o d | ||
| 035 | _a(OCoLC)989043016 | ||
| 040 |
_aDGITA _beng _erda _epn _cDGITA |
||
| 020 |
_a9788425439414 _qeBook _qePub |
||
| 020 | _z9788425439384 | ||
| 050 | 1 | 4 | _aBF575.L8 ebook |
| 100 | 1 |
_aVillegas Besora, Manuel, _eauthor. |
|
| 245 | 1 | 0 |
_aParejas a la carta : _blas relaciones amorosas en la sociedad postmoderna / _cManuel Villegas y Pilar Mallor. |
| 250 | _a1a. edición digital. | ||
| 264 | 1 |
_aBarcelona : _bHerder, _c[2017] |
|
| 300 | _a1 online resource. | ||
| 336 |
_atext _btxt _2rdacontent |
||
| 337 |
_acomputer _bc _2rdamedia |
||
| 338 |
_aonline resource _bcr _2rdacarrier |
||
| 347 |
_atext file _2rdaft |
||
| 347 | _bEPUB | ||
| 504 | _aIncludes bibliographical references. | ||
| 588 | 0 | _aOnline resource; title from ePub title page (Digitalia, viewed May 04, 2022) | |
| 650 | 0 |
_aLove _xPsychological aspects. |
|
| 650 | 0 | _aCouples. | |
| 655 | 0 | _aElectronic books. | |
| 700 | 1 |
_aMallor, Pilar, _eauthor. |
|
| 791 | 2 |
_aDigitalia (Firm), _edistributor. |
|
| 793 | 0 |
_gDigitalia eBook Collection: _aHerder Editorial |
|
| 776 | 0 | 8 |
_iPrint version: _aVillegas Besora, Manuel. _tParejas a la carta. _dBarcelona : Herder, [2017] _z9788425439384 |
| 856 | 4 | 0 |
_3Digitalia Hispánica _uhttps://www.digitaliapublishing.com/a/61327/ |
| 910 | _aPremium collection: 2022 | ||
| 942 | _cRAA | ||
| 999 |
_c257590 _d257590 |
||